[Event "FIDE Chesscom Grand Swiss 2019"]
[Site "Douglas-Isle of Man"]
[Date "2019.10.18"]
[Round "8.6"]
[White "Anand, Viswanathan"]
[Black "Fedoseev, Vladimir"]
[Result "1-0"]
[WhiteElo "2765"]
[BlackElo "2664"]
[Annotator "TA"]
[PlyCount "73"]
[EventDate "2019.10.10"]
[EventType "swiss"]
[EventCountry "GBR"]
[SourceTitle "playchess.com"]
[Source "ChessBase"]
[SourceQuality "1"]

{[%evp 9,73,38,41,46,49,39,84,58,57,46,37,53,62,30,51,40,32,37,95,84,73,48,220,233,214,87,127,102,137,120,187,137,122,22,22,22,46,15,23,0,0,0,68,0,88,75,59,0,0,0,0,0,98,86,414,407,415,407,453,453,422,175,1122,1054,29989,1200]} 1. e4 c5 2. Nf3 Nc6 3. d4 cxd4 4. Nxd4 Qb6 5. Nb3 e6 6. Nc3 {B32: Sicilian: Löwenthal and Kalashnikov Variations} (6. c4 Nf6 7. Bd3 Bb4+ 8. Bd2 Ne5 9. Bxb4 Qxb4+ 10. Nc3 Nxc4 11. a3 Nxa3 12. Rxa3 O-O 13. O-O d6 {½-½ (55) Karjakin,S (2783)-Nepomniachtchi,I (2751) chess.com INT 2017}) 6... Qc7 7. f4 $146 ({Predecessor:} 7. Bd3 Nf6 8. O-O Be7 9. f4 d6 10. Qf3 Nb4 {1-0 (23) Enjuto Velasco,R (2132)-Pugliese,G (1786) Chennai 2012}) 7... d6 8. Be3 {White is better.} Nf6 9. Bd3 Be7 10. Qf3 Nb4 11. O-O Bd7 12. a3 Nxd3 13. cxd3 Qc6 (13... O-O $14) 14. Rac1 $36 {[%mdl 2048] White is on the roll.} Qa6 15. g4 Bc6 $2 (15... O-O $14) 16. g5 $18 Nd7 17. d4 (17. Nd4 $1 $18 {is the precise move to win.}) 17... Bb5 18. Rf2 O-O 19. f5 Bd8 (19... exf5 $16 {was necessary.} 20. exf5 Bd8) 20. Nd2 Bd3 21. fxe6 (21. Qh3 $16 d5 22. f6 gxf6 23. gxf6) 21... fxe6 $11 22. Qg4 Rxf2 23. Kxf2 (23. Bxf2 $5 {[%cal Rg4e6]} Nf8 24. Kg2 $11) 23... Nf8 24. d5 e5 $1 25. h4 g6 (25... Bb6 $11) 26. h5 (26. Qh3 $14) 26... gxh5 (26... Bb6 $11 {keeps the balance.}) 27. Qxh5 $16 Bb6 28. Qh3 (28. Rh1 $1 $14 Bxe3+ 29. Kxe3) 28... Re8 $11 29. Nd1 Be2 30. Ke1 Bd4 (30... Bb5 $11) 31. Nf2 $16 {And now Bxd4 would win.} Re7 $2 {[%mdl 8192]} (31... Bxe3 $16 {is more resistant.} 32. Qxe3 Bh5) 32. Bxd4 $18 exd4 33. Rc8 Rf7 {[#]} 34. e5 $1 {[%mdl 512]} dxe5 {[#] intending ...Bb5.} 35. Nfe4 (35. d6 $142 $1 {[%cal Rd6d7][%mdl 512] d7 is the strong threat.} Qxd6 36. Kxe2) 35... h5 $2 (35... Qd3 36. Nf6+ (36. Qe6 $2 Qe3 $19) 36... Rxf6 37. Qxd3 Bxd3 38. gxf6 Kf7) 36. gxh6 {White threatens Qg2+ and mate.} Rf4 {[#]} 37. Qe6+ {Accuracy: White = 48%, Black = 29%.} (37. Rxf8+ $142 $1 {[%mdl 512]} Kxf8 (37... Rxf8 38. Qg3+) 38. h7 Bh5 39. h8=Q+ Ke7 40. Qg7+ Bf7 41. Qxe5+ {[%mdl 64] Double Attack} Be6 42. Qc7+ Ke8 43. Qh8+ {[%mdl 64] Double Attack} Bg8 44. Qxg8+ Rf8 45. Qcf7+ {[%mdl 64] Double Attack} Kd8 46. Qgxf8#) 1-0

[Event "FIDE Chesscom Grand Swiss 2019"]
[Site "Douglas-Isle of Man"]
[Date "2019.10.18"]
[Round "8.6"]
[White "Van Foreest, Jorden"]
[Black "Sasikiran, Krishnan"]
[Result "1/2-1/2"]
[WhiteElo "2621"]
[BlackElo "2675"]
[Annotator "TA"]
[PlyCount "88"]
[EventDate "2019.10.10"]
[EventType "swiss"]
[EventCountry "GBR"]
[SourceTitle "playchess.com"]
[Source "ChessBase"]
[SourceQuality "1"]

{[%evp 20,88,27,10,20,22,47,45,50,14,20,22,20,20,41,13,28,30,40,10,6,26,13,-8,-8,-20,-15,-82,-75,-77,-78,-83,-83,-85,-32,-33,-28,-31,-30,-35,-43,-95,-46,-46,-34,-42,0,0,0,0,0,0,0,0,0,0,0,0,0,0,0,0,0,0,0,0,0,0,0,0,0]} 1. e4 c5 2. Nf3 d6 3. d4 cxd4 4. Nxd4 Nf6 5. Nc3 a6 6. Be3 Ng4 7. Bg5 h6 8. Bh4 g5 9. Bg3 Bg7 10. h3 Ne5 11. Nf5 Bxf5 $1 {B90: Sicilian Najdorf: Unusual White 6th moves, 6 Be3 Ng4 and 6 Be3 e5} 12. exf5 Nbd7 (12... Nbc6 13. Nd5 e6 14. fxe6 fxe6 15. Ne3 Qa5+ 16. c3 Nf3+ 17. gxf3 Bxc3+ 18. bxc3 Qxc3+ 19. Qd2 Qxa1+ {1-0 (32) Giri,A (2779)-Vachier Lagrave,M (2775) Paris 2019}) 13. Be2 Nf6 {White is slightly better.} 14. Bxe5 $146 ({Predecessor:} 14. O-O Qb6 15. Rb1 h5 {½-½ (15) Belmar Juaranz,C (2260)-Meissner,R (2206) GER email 2016}) 14... dxe5 15. Qxd8+ Rxd8 16. Bf3 Rd7 17. O-O Rc7 18. Rae1 h5 19. g3 g4 20. hxg4 hxg4 21. Bd1 Rh5 22. Rxe5 Nd7 $36 {[%mdl 2112] [#] Pin. Black is more active.} 23. Re4 (23. Rd5 $11 {remains equal.}) 23... Bxc3 $17 24. bxc3 Rxf5 25. Bxg4 {[#]} Rfc5 $1 26. Bxd7+ Rxd7 {[%mdl 4096] Endgame KRR-KRR} ({Better is} 26... Kxd7 $17 27. Rd1+ Ke8) 27. c4 $15 Ra5 {[%mdl 1024] Black has compensation.} 28. Ra1 Ra4 29. Rh4 {[%cal Rh4h8]} Rc7 30. Rh8+ Kd7 31. Rh7 f6 32. Re1 Kd6 33. c5+ {The position is equal.} Kxc5 34. Rhxe7 Rxe7 35. Rxe7 $11 {KR-KR} b5 36. Kf1 Rxa2 37. Ke1 Kd6 38. Rf7 Ke5 39. Kd2 Ra3 40. f4+ Ke6 41. Rg7 Kf5 42. c3 Ke4 43. Re7+ Kf3 44. Rf7 Kxg3 {Accuracy: White = 69%, Black = 63%.} (44... f5 $5) 1/2-1/2

[Event "FIDE Chesscom Grand Swiss 2019"]
[Site "Douglas-Isle of Man"]
[Date "2019.10.18"]
[Round "8.7"]
[White "Bacrot, Etienne"]
[Black "Esipenko, Andrey"]
[Result "1/2-1/2"]
[WhiteElo "2671"]
[BlackElo "2624"]
[Annotator "TA"]
[PlyCount "83"]
[EventDate "2019.10.10"]
[EventType "swiss"]
[EventCountry "GBR"]
[SourceTitle "playchess.com"]
[Source "ChessBase"]
[SourceQuality "1"]

{[%evp 12,83,16,22,21,26,16,33,29,26,14,18,26,17,43,58,58,31,33,31,32,37,24,55,77,82,67,32,106,94,103,95,98,103,104,93,103,116,125,120,118,132,118,120,192,204,206,183,197,156,186,46,64,8,8,8,8,8,8,8,8,8,8,8,8,8,12,8,8,8,8,8,50,50]} 1. e4 e5 2. Nf3 Nc6 3. Bc4 Bc5 4. c3 $146 ({Predecessor:} 4. O-O Nf6 5. d3 d6 {½-½ (33) Vachier Lagrave,M (2779)-Ding,L (2805) Zagreb 2019}) 4... Nf6 5. d3 d6 6. O-O O-O 7. Re1 a5 {C54: Giuoco Piano: 4 c3 Nf6, main lines with 5 d4 and 5 d3} 8. Bg5 h6 9. Bh4 g5 10. Bg3 Nh7 11. d4 Bb6 12. dxe5 h5 13. h4 {[%cal Re5d6]} ({Much weaker is} 13. exd6 h4 $15) 13... Bg4 14. hxg5 Nxg5 {Hoping for ...Bxf3.} 15. exd6 {Threatens to win with Nbd2.} h4 16. Bh2 cxd6 {Black wants to play ...Bxf3.} 17. Nbd2 $36 {[%mdl 2048] White has some pressure.} Ne5 {...Bxf3 is the strong threat.} 18. Be2 $1 ({Reject} 18. Bxe5 $6 dxe5 19. Qc2 Qf6 $11) 18... Bxf3 19. Nxf3 Ng4 (19... Qf6 $14) 20. Nd4 $16 Nxh2 21. Kxh2 Qf6 22. Bd3 {aiming for Qg4.} Bxd4 23. cxd4 Qxf2 24. Qg4 f6 {[#]} 25. e5 $1 dxe5 26. dxe5 Rad8 27. Rad1 {Strongly threatening Qh5.} Rxd3 (27... Qg3+ $16 {was called for.} 28. Qxg3 hxg3+ 29. Kxg3 Kg7 30. exf6+ Kxf6) 28. Qc4+ $18 {[%mdl 64] Double Attack} Nf7 {( -> ...Rh3+!)} ({But not} 28... Kh8 29. Qxd3 fxe5 {[#]} 30. Rf1 $1 $18 {[%mdl 512]}) 29. Qxd3 {Black must now prevent Qg6+.} Nxe5 30. Qh3 Qxb2 31. Re4 (31. Qf5 $18 Qc3 32. Re4) 31... f5 $1 $14 {[%cal Rf5e4]} 32. Rxh4 (32. Rf4 $14 Ng4+ 33. Kg1) 32... Ng4+ $11 33. Rxg4+ $1 fxg4 34. Qxg4+ {[%mdl 4096] Endgame KQR-KQR} Qg7 35. Qc4+ Qf7 $1 {[%cal Rf7c4]} 36. Rd5 {Rg5+ would kill now.} Qf4+ 37. Qxf4 Rxf4 38. Rxa5 Rf2 39. Kg3 Rb2 40. Kf3 b5 41. g4 b4 42. Ke4 {Accuracy: White = 68%, Black = 76%.} 1/2-1/2

[Event "FIDE Chesscom Grand Swiss 2019"]
[Site "Douglas-Isle of Man"]
[Date "2019.10.18"]
[Round "8.8"]
[White "Karjakin, Sergey"]
[Black "Dreev, Aleksey"]
[Result "1-0"]
[WhiteElo "2760"]
[BlackElo "2662"]
[Annotator "TA"]
[PlyCount "61"]
[EventDate "2019.10.10"]
[EventType "swiss"]
[EventCountry "GBR"]
[SourceTitle "playchess.com"]
[Source "ChessBase"]
[SourceQuality "1"]

{[%evp 22,61,29,12,18,18,27,20,32,30,45,0,0,0,-9,-172,92,101,102,102,150,148,131,150,297,300,354,358,444,429,450,448,866,856,29986,940,1510,1458,2227,2232,1779,1728]} 1. e4 c5 2. Nf3 e6 3. d4 cxd4 4. Nxd4 Nf6 5. Nc3 Nc6 6. Nxc6 bxc6 7. e5 Nd5 8. Ne4 Qc7 9. f4 Qb6 10. c4 Bb4+ 11. Ke2 f5 12. exf6 Nxf6 {B45: Sicilian Four Knights} 13. Be3 Qd8 14. Nd6+ Bxd6 $1 {The position is equal.} 15. Qxd6 Bb7 16. g4 ({White should try} 16. Kd1 $14) 16... c5 $11 17. Rg1 Ne4 $146 ({Predecessor:} 17... Qb6 18. Bxc5 Qxb2+ 19. Ke3 Kd8 20. Bd4 Qxh2 21. Bxf6+ {½-½ (22) Bacrot,E (2696)-Chernov,V (2391) Karlsruhe 2017}) 18. Qe5 $2 {[#]} (18. Qd3 $1 $11 {and White is okay.}) 18... Qh4 $2 {[#]} (18... O-O $1 $19 {aiming for ...d6.} 19. Kd3 (19. Bg2 d6 $17) 19... Rf6) 19. Bg2 $1 $36 {[%cal Rg2e4][%mdl 2048] White has strong initiative.} Qxg4+ 20. Kd3 Nf2+ 21. Bxf2 Bxg2 22. Bxc5 Rc8 (22... Qf3+ $16 {was called for.} 23. Kd2 O-O-O 24. Bxa7 d6 25. Qxe6+ Rd7) 23. Rae1 $18 Kf7 24. Re2 Qf3+ 25. Be3 d6 26. Qd4 e5 (26... Qe4+ $142 27. Qxe4 Bxe4+ 28. Kxe4 Rxc4+ 29. Kd3 Rhc8) 27. Qxa7+ Ke6 28. Rgxg2 (28. Rexg2 $142 g5 29. Rxg5 Rhg8 30. Rxg8 Rxg8 31. Rxg8 Qh5 32. Rf8 exf4 33. Rxf4) 28... Rxc4 {White is clearly winning.} 29. Kxc4 {f5+ would kill now.} Rc8+ 30. Kb4 Qe4+ 31. Bd4 {Accuracy: White = 56%, Black = 22%.} 1-0

[Event "FIDE Chesscom Grand Swiss 2019"]
[Site "Douglas-Isle of Man"]
[Date "2019.10.18"]
[Round "8.8"]
[White "Safarli, Eltaj"]
[Black "Berkes, Ferenc"]
[Result "1/2-1/2"]
[WhiteElo "2593"]
[BlackElo "2667"]
[Annotator "TA"]
[PlyCount "35"]
[EventDate "2019.10.10"]
[EventType "swiss"]
[EventCountry "GBR"]
[SourceTitle "playchess.com"]
[Source "ChessBase"]
[SourceQuality "1"]

{[%evp 11,35,2,13,8,7,0,2,1,10,0,6,0,12,6,14,13,14,0,0,0,0,0,0,0,0,0]} 1. e4 c6 2. d4 d5 3. exd5 cxd5 4. Bd3 Nc6 5. c3 Nf6 6. h3 g6 {The position is equal.} 7. Nf3 {B13: Caro-Kann: Exchange Variation and Panov-Botvinnik Attack} Bf5 8. Be2 e6 $146 ({Predecessor:} 8... Bg7 9. O-O O-O 10. Bf4 Ne4 11. Nbd2 f6 12. Nxe4 Bxe4 13. Nd2 Bf5 14. Bg3 e5 15. dxe5 fxe5 {1-0 (54) Ding,L (2805)-Navara,D (2734) Prague 2019}) 9. O-O h5 10. Qb3 Rb8 11. Re1 Bd6 12. Bg5 Kf8 13. Nbd2 Kg7 14. c4 Be7 15. Bf4 Bd6 16. Bg5 Be7 17. Bf4 Bd6 18. Bg5 {Accuracy: White = 45%, Black = 66%.} 1/2-1/2

[Event "FIDE Chesscom Grand Swiss 2019"]
[Site "Douglas-Isle of Man"]
[Date "2019.10.18"]
[Round "8.9"]
[White "Wojtaszek, Radoslaw"]
[Black "Kovalev, Vladislav"]
[Result "0-1"]
[WhiteElo "2748"]
[BlackElo "2661"]
[Annotator "TA"]
[PlyCount "88"]
[EventDate "2019.10.10"]
[EventType "swiss"]
[EventCountry "GBR"]
[SourceTitle "playchess.com"]
[Source "ChessBase"]
[SourceQuality "1"]

{[%evp 20,112,0,0,19,11,14,27,27,16,25,7,23,37,32,8,15,13,50,0,0,0,8,0,49,31,80,59,82,80,114,31,31,31,31,31,29,27,31,30,27,3,10,-20,-10,-27,-29,-93,-93,-77,-63,-54,-76,-64,-86,-79,-77,-91,-64,-92,-72,-223,-215,-208,-209,-267,-269,-260,-260,-245,-194,-252,-182,-187,-190,-189,-186,-189,-184,-148,-101,-372,-370,-576,-588,-588,-434,-29953,-29954,-29966,-29968,-29968,-29964,-29941,-11582]} 1. c4 Nf6 2. Nc3 e6 3. e4 c5 4. e5 Ng8 5. Nf3 Nc6 6. d4 cxd4 7. Nxd4 Nxe5 8. Ndb5 a6 9. Nd6+ Bxd6 10. Qxd6 f6 11. Be3 Ne7 {A19: English Opening: Flohr-Mikenas System with 3...c5} 12. Bb6 Nf5 13. Qb4 Nc6 {White has an edge.} 14. Qc5 Qe7 15. Qxe7+ {[#]} (15. O-O-O d6 16. Qa3 O-O 17. g4 Nh6 18. Rg1 Nf7 19. f4 {1-0 (40) Ding,L (2811)-Radjabov,T (2758) Khanty-Mansiysk 2019}) 15... Ncxe7 $146 (15... Nfxe7 {keeps more tension.} 16. c5 Nb4 17. Rc1 Nbd5 18. Ne4 Nf5) ({Predecessor:} 15... Nfxe7 16. c5 Nb4 17. Rc1 Ned5 18. Nxd5 Nxd5 19. Bc4 Nxb6 20. cxb6 {0-1 (53) Svane,R (2583)-Buhmann,R (2580) Dresden 2017}) 16. O-O-O d5 17. Be2 {[%mdl 1024] White has compensation.} Kf7 18. b3 d4 19. Ne4 {next g4 is good for White.} e5 20. g4 Nh4 21. f4 $1 exf4 22. Nd6+ Kf8 23. Rxd4 f3 24. Bd1 $1 h5 25. h3 (25. gxh5 $16 Rxh5 26. Re1) 25... Nc6 $1 $14 {[%cal Rc6d4]} 26. Re4 {[%csl Gd6][%cal Re4e8]} Bd7 27. gxh5 Rxh5 {Threatening ...Ne5.} 28. Bf2 $1 Nf5 29. Nxb7 Ne5 30. Nc5 Bc6 31. Rf4 (31. Rxe5 $5 fxe5 32. Nd7+ $1 {[%mdl 512]} Kg8 33. Nxe5 $11 {[%mdl 64] Double Attack}) 31... Kf7 32. b4 {[%cal Bb3b4,Bb4b5][%mdl 32]} Ne7 33. Bb3 (33. Rd4 $11 {keeps the balance.}) 33... g5 $17 34. Rd4 {[#]} g4 $1 {[%mdl 512]} 35. b5 (35. hxg4 Rxh1+) 35... Nf5 36. Rd2 g3 $1 {[%cal Rg3f2]} 37. bxc6 gxf2 38. Rxf2 Rc8 $36 {[%mdl 2048] Black has good play.} 39. Rd1 Rxc6 40. Nd7 $2 (40. Nd3 $17 {was the only defense.}) 40... Rxh3 $19 {White must now prevent ...Ng4.} 41. c5+ {[#]} Ke7 $1 42. Nxe5 fxe5 43. Rd5 Kf6 {Strongly threatening ...e4.} 44. Ba4 Re6 {Played: Rc6-c7} 0-1

[Event "FIDE Chesscom Grand Swiss 2019"]
[Site "Douglas-Isle of Man"]
[Date "2019.10.18"]
[Round "8.9"]
[White "Ganguly, Surya Shekhar"]
[Black "Nihal Sarin"]
[Result "1/2-1/2"]
[WhiteElo "2658"]
[BlackElo "2610"]
[Annotator "TA"]
[PlyCount "67"]
[EventDate "2019.10.10"]
[EventType "swiss"]
[EventCountry "GBR"]
[SourceTitle "playchess.com"]
[Source "ChessBase"]
[SourceQuality "1"]

{[%evp 14,67,23,23,23,23,29,30,31,21,31,33,26,10,19,4,12,0,10,0,-7,-2,0,-2,0,0,0,0,0,-4,-6,-22,-8,-8,-8,-8,-10,-22,-13,-24,-26,-20,-28,-27,-6,-8,-11,-6,-6,-11,-8,-8,-8,-10,-10,-11]} 1. Nf3 d5 2. g3 g6 3. Bg2 Bg7 4. d4 Nf6 5. O-O O-O 6. c4 dxc4 7. Na3 c5 8. dxc5 c3 {D77: Fianchetto Grünfeld: 6 0-0: Replies other than 6...c6} 9. Nb5 Na6 10. Nxc3 Nxc5 {White has an edge.} 11. Be3 {[#] Black must now prevent Qxd8.} Nfe4 12. Nxe4 Nxe4 13. Nd4 $146 ({Predecessor:} 13. Bd4 Bxd4 14. Qxd4 Qxd4 15. Nxd4 Nd6 16. Rfc1 Rd8 17. f4 Bg4 18. h3 Bd7 19. Kf2 Rac8 20. b3 b6 {½-½ (20) Rapport,R (2747)-Ding,L (2805) Saint Louis 2019}) 13... Nd6 14. Qb3 Qa5 15. Rfd1 Bd7 {Threatening ...Ba4.} 16. Qd5 Qxd5 17. Bxd5 Rac8 18. Rac1 Rxc1 19. Rxc1 Rc8 20. Rxc8+ Bxc8 21. Kf1 e6 22. Bb3 Kf8 23. Nf3 b6 24. Bf4 Ke7 25. Ne5 Bb7 26. f3 Nf5 {And now ...g5! would win.} 27. g4 Nd4 28. Bd1 Nc6 29. Bg5+ {The position is equal.} f6 30. Nxc6+ Bxc6 31. Bh4 Kd7 32. e4 f5 33. exf5 exf5 34. gxf5 {Accuracy: White = 70%, Black = 73%.} 1/2-1/2

[Event "FIDE Chesscom Grand Swiss 2019"]
[Site "Douglas-Isle of Man"]
[Date "2019.10.18"]
[Round "8.10"]
[White "Nakamura, Hikaru"]
[Black "Melkumyan, Hrant"]
[Result "1-0"]
[WhiteElo "2745"]
[BlackElo "2650"]
[Annotator "TA"]
[PlyCount "85"]
[EventDate "2019.10.10"]
[EventType "swiss"]
[EventCountry "GBR"]
[SourceTitle "playchess.com"]
[Source "ChessBase"]
[SourceQuality "1"]

{[%evp 19,85,3,6,14,32,20,20,22,14,14,16,14,15,22,18,10,15,16,18,9,27,22,44,36,37,38,56,62,60,50,59,56,68,55,81,81,81,81,82,74,125,124,128,131,162,161,156,152,333,331,331,327,304,268,291,330,339,266,359,358,679,676,676,665,29981,29983,29982,29983]} 1. e4 e5 2. Nf3 Nc6 3. Bb5 a6 4. Ba4 Nf6 5. O-O Be7 6. Re1 b5 7. Bb3 O-O 8. a4 b4 9. a5 d6 10. c3 Rb8 11. d3 {C90: Closed Ruy Lopez with 7...d6: Early deviations} (11. Bc4 Bg4 12. h3 Bh5 13. Qa4 Na7 14. g4 Bg6 15. d3 Nb5 16. Bg5 h5 17. Bxf6 Bxf6 18. Kg2 bxc3 19. Nxc3 {½-½ (58) Caruana,F (2819)-Ding,L (2805) Zagreb 2019}) 11... bxc3 12. bxc3 Be6 13. Bxe6 {The position is equal.} fxe6 14. Nbd2 Rb5 15. d4 exd4 16. cxd4 Nxa5 17. Qc2 $146 ({Predecessor:} 17. d5 e5 18. Qc2 {1-0 (60) Smith,A (2499)-Hammer,J (2689) Drancy 2016}) 17... Qd7 18. Ra4 Rfb8 19. Ba3 Ne8 20. Qa2 Nb3 21. Rxa6 Nxd2 22. Nxd2 R5b6 23. Ra7 R6b7 24. Rxb7 Rxb7 25. e5 Ra7 {[#] Hoping for ...d5.} 26. Qb3 dxe5 27. Bxe7 Qxe7 28. dxe5 Ra5 29. Nf3 Rd5 ({Black should try} 29... h6) 30. Ra1 Qd7 31. h4 h6 32. Ra8 Qc6 33. Rb8 Qc1+ $2 (33... Qd7 $16 {might work better.} 34. Kh2 Kf7) 34. Kh2 $18 Qf4+ 35. g3 Qf7 36. Kg2 Qd7 37. h5 Qc6 38. Kh2 Qd7 39. Qb4 Kf7 $2 (39... Qf7 40. Kg2 Rd7) 40. Qf4+ Kg8 41. Nh4 g5 42. hxg6 {[%mdl 64] Discovered Attack} Kg7 {[#]} 43. Rd8 $1 {[%mdl 512] Accuracy: White = 92%, Black = 32%.} 1-0

[Event "FIDE Chesscom Grand Swiss 2019"]
[Site "Douglas-Isle of Man"]
[Date "2019.10.18"]
[Round "8.10"]
[White "Hess, Robert"]
[Black "Nabaty, Tamir"]
[Result "0-1"]
[WhiteElo "2581"]
[BlackElo "2658"]
[Annotator "RC"]
[PlyCount "58"]
[EventDate "2019.10.10"]
[EventType "swiss"]
[EventCountry "GBR"]
[SourceTitle "playchess.com"]
[Source "ChessBase"]
[SourceQuality "1"]
[TimeControl "40/6000+30:20/3000+30:900+30"]

1. c4 {[%emt 0:00:00]} e6 {[%emt 0:00:00]} 2. Nf3 {[%emt 0:00:02]} d5 {[%emt 0:00:00]} 3. e3 {[%emt 0:00:10]} Nf6 {[%emt 0:00:15]} 4. b3 {[%emt 0:00:26]} Bd6 {[%emt 0:01:05]} 5. Bb2 {[%emt 0:00:45]} O-O {[%emt 0:01:36]} 6. Nc3 {[%emt 0:01:11]} Nbd7 {[%emt 0:03:03]} 7. d4 {[%emt 0:00:41]} c6 {[%emt 0:01:33]} 8. Qc2 {[%emt 0:05:11]} Qe7 {[%emt 0:02:25]} 9. O-O-O {[%emt 0:21:34]} dxc4 {[%emt 0:09:03]} 10. Bxc4 {[%emt 0:04:04]} b5 {[%emt 0:00:23]} 11. Bd3 {[%emt 0:02:16]} a5 {[%emt 0:05:21]} 12. g4 {[%emt 0:12:55]} g6 {[%emt 0:13:36]} 13. g5 {[%emt 0:05:03]} Nd5 {[%emt 0:00:37]} 14. Nxd5 {[%emt 0:00:07]} cxd5 {[%emt 0:00:54]} 15. Bxb5 {[%emt 0:05:26]} Ba6 {[%emt 0:07:26]} 16. Bxa6 {[%emt 0:01:26]} Rxa6 {[%emt 0:00:08]} 17. Rd3 {[%emt 0:16:01]} a4 {[%emt 0:02:11]} 18. Kb1 {[%emt 0:06:57]} axb3 {[%emt 0:03:08]} 19. axb3 {[%emt 0:04:01]} Rfa8 {[%emt 0:01:24]} 20. Rc3 {[%emt 0:04:13]} Nb6 {[%emt 0:00:46]} 21. Rc1 {[%emt 0:13:56]} Qa7 {[%emt 0:05:56]} 22. Qd3 {[%emt 0:02:05]} Ra2 {[%emt 0:00:24]} 23. Rc5 {[%emt 0:01:07]} Bxc5 {[%emt 0:02:53]} 24. dxc5 {[%emt 0:00:09]} Nc4 {[%emt 0:00:21]} 25. bxc4 {[%emt 0:01:36]} Rxb2+ {[%emt 0:03:49]} 26. Kxb2 {[%emt 0:00:05]} Qa2+ {[%emt 0:00:04]} 27. Kc3 {[%emt 0:00:05]} d4+ {[%emt 0:00:17]} 28. Kxd4 {[%emt 0:00:18]} Rd8+ {[%emt 0:00:07]} 29. Ke4 {[%emt 0:00:26]} Qa8+ {[%emt 0:00:06]} 0-1

[Event "FIDE Chesscom Grand Swiss 2019"]
[Site "Douglas-Isle of Man"]
[Date "2019.10.18"]
[Round "8.11"]
[White "Gelfand, Boris"]
[Black "Zhang, Zhong"]
[Result "1-0"]
[WhiteElo "2686"]
[BlackElo "2636"]
[Annotator "TA"]
[PlyCount "63"]
[EventDate "2019.10.10"]
[EventType "swiss"]
[EventCountry "GBR"]
[SourceTitle "playchess.com"]
[Source "ChessBase"]
[SourceQuality "1"]

{[%evp 9,63,13,16,12,12,12,12,19,12,14,36,32,23,27,35,18,33,29,35,33,34,32,31,20,30,29,47,52,41,44,51,30,45,10,59,32,40,41,58,58,189,200,220,91,83,76,114,106,110,111,101,105,166,133,366,367]} 1. d4 d5 2. c4 e6 3. Nf3 dxc4 4. Qa4+ Nc6 (4... Nd7 5. Qxc4 Ngf6 6. Bg5 a6 7. e4 h6 8. Bh4 b5 9. Qc6 Rb8 10. Bxf6 gxf6 11. Nbd2 Bb7 12. Qc2 c5 13. d5 c4 14. Be2 {1-0 (40) Yuffa,D (2563)-Lysyj,I (2631) Cheliabinsk 2018}) 5. Qxc4 Nf6 6. Bg5 {D21: Queen's Gambit Accepted: 3 Nf3 sidelines} h6 7. Bxf6 Qxf6 8. Nc3 {The position is equal.} Bd6 9. e3 $146 ({Predecessor:} 9. g3 O-O 10. Bg2 Bd7 11. O-O a6 12. Rac1 Qe7 13. Rfd1 {0-1 (33) Kveinys,A (2518)-Sveshnikov,V (2398) Parnu 2016}) 9... a6 10. Be2 O-O 11. O-O Bd7 12. Rfd1 Qe7 13. Ne4 Rfc8 14. Rac1 e5 15. d5 Nd8 16. Qc2 f5 17. Nc5 e4 18. Nd4 Qe5 19. g3 Be8 20. Nde6 Rab8 21. Qc3 Nf7 22. Bh5 Qxc3 23. Rxc3 Be5 24. Rc2 b6 ({Black should try} 24... Ng5 $14 25. Bxe8 Rxe8) 25. Nxa6 $18 Ra8 26. Nb4 (26. Naxc7 $18 {and the rest is easy. Rdc1 is the strong threat.} Rxa2 27. d6) 26... Bd6 $16 {[#]} 27. Nc6 $1 Rxa2 28. Bg6 Bxc6 29. dxc6 Ra5 30. Nd4 Rd5 (30... Rd8 $16 {is a better defense.}) 31. Rcc1 Rxd4 $2 {[#]} (31... Rd8 $16) 32. Rxd4 {Accuracy: White = 49%, Black = 32%.} 1-0